[Event "Eastern Class-ch 8th"]
[Site "?"]
[Date "1999.??.??"]
[Round "3"]
[White "Yermolinsky Alex"]
[Black "Christiansen Larry Mark"]
[Result "1/2-1/2"]
[WhiteElo "2700"]
[BlackElo "2655"]
[PlyCount "26"]
[EventDate "1999.??.??"]
[Source "www.chesslib.no"]
[SourceDate "2004.05.04"]

1. Nf3 c5 2. e4 g6 3. c4 Bg7 4. d4 cxd4 5. Nxd4 Nc6 6. Be3 Nf6 7. Nc3 Ng4 8. Qxg4 Nxd4 9. Qd1 e5 10. Bd3 O-O 11. O-O d6 12. Ne2 f5 13. Bxd4 exd4 1/2-1/2

[Event "Odessa"]
[Site "?"]
[Date "1974.??.??"]
[Round "5"]
[White "Korchnoi, Viktor L"]
[Black "Petrosian, Tigran V"]
[Result "1-0"]
[WhiteElo "2670"]
[BlackElo "2640"]
[PlyCount "87"]
[EventDate "1974.??.??"]
[Source "www.chesslib.no"]
[SourceDate "2004.05.04"]

1. c4 c5 2. Nf3 Nf6 3. Nc3 g6 4. d4 cxd4 5. Nxd4 Bg7 6. e4 Nc6 7. Be3 Ng4 8. Qxg4 Nxd4 9. Qd1 Ne6 10. Qd2 d6 11. Be2 Qa5 12. Rc1 Bd7 13. O-O Nc5 14. Bh6 O-O 15. Bxg7 Kxg7 16. b3 Bc6 17. Rfe1 Ne6 18. Bg4 Rad8 19. Re3 Nf4 20. g3 h5 21. Qb2 hxg4 22. Nd5+ e5 23. gxf4 Rde8 24. Rg3 Bd7 25. Rd1 f6 26. fxe5 Rxe5 27. Nc3 Qc5 28. Qd2 f5 29. Qxd6 Qxd6 30. Rxd6 Bc6 31. f3 Kh6 32. f4 Ree8 33. exf5 Bf3 34. Rxg6+ Kh7 35. Rg5 Re1+ 36. Kf2 Rh1 37. Rh5+ Kg7 38. Nd5 Ra1 39. f6+ Kg6 40. Rg5+ Kf7 41. Rg7+ Ke6 42. Re7+ Kf5 43. Re5+ Kg6 44. h3 1-0

[Event "Bermuda 72/167"]
[Site "?"]
[Date "1998.??.??"]
[Round "?"]
[White "Shabalov, Alexander"]
[Black "Baburin, Alexander"]
[Result "1-0"]
[WhiteElo "2615"]
[BlackElo "2600"]
[PlyCount "63"]
[EventDate "1998.??.??"]
[Source "ChessBase"]
[SourceDate "1998.02.01"]

1. e4 c5 2. Nf3 g6 3. d4 cxd4 4. Nxd4 Bg7 5. c4 Nc6 6. Be3 Nf6 7. Nc3 Ng4 8. Qxg4 Nxd4 9. Qd1 e5 10. Bd3 O-O 11. O-O d6 12. a4 a6 13. a5 Be6 14. Qa4 Rc8 15. Nd5 Bxd5 16. cxd5 Rc5 17. Rfc1 Qe7 18. Rxc5 dxc5 19. Rc1 Rd8 20. Qc4 Bf8 21. f4 Qf6 22. b4 exf4 23. Rf1 b5 24. axb6 Qxb6 25. Bxf4 Qxb4 26. Qxa6 Nb3 27. Be5 Be7 28. Qa7 c4 29. d6 Re8 30. Qd7 Qb6+ 31. Kh1 Qd8 32. Bxc4 1-0

[Event "ISR-chT"]
[Site "Israel"]
[Date "2001.02.16"]
[Round "2"]
[White "Smirin, Ilia"]
[Black "Rechlis, Gad"]
[Result "1-0"]
[WhiteElo "2686"]
[BlackElo "2525"]
[PlyCount "93"]
[EventDate "2001.02.??"]
[Source "ChessBase"]
[SourceDate "2001.03.20"]

1. e4 c5 2. Nf3 Nc6 3. d4 cxd4 4. Nxd4 g6 5. c4 Bg7 6. Be3 Nf6 7. Nc3 Ng4 8. Qxg4 Nxd4 9. Qd1 Ne6 10. Qd2 Qa5 11. Rc1 b6 12. Bd3 Bb7 13. O-O O-O 14. b3 Nc5 15. Bb1 Bxc3 16. Rxc3 Nxe4 17. Bxe4 Bxe4 18. Re1 Bc6 19. Bd4 Rae8 20. Re5 Qb4 21. Rh5 f6 22. Rxh7 Qxc3 23. Rh8+ Kxh8 24. Qh6+ Kg8 25. Qxg6+ Kh8 26. Bxc3 d6 27. f3 Rc8 28. Bd2 Be8 29. Qe4 Rc7 30. a4 Kg7 31. h4 Rh8 32. a5 Bg6 33. Qd4 bxa5 34. Bxa5 Rb7 35. b4 Rh5 36. Qg4 Rb8 37. Qd7 Re8 38. Qxa7 Rxh4 39. b5 Rxc4 40. b6 Ra4 41. b7 Ra1+ 42. Kh2 Rh8+ 43. Kg3 Rh5 44. b8=Q Rg5+ 45. Kf2 Ra2+ 46. Bd2 Rxd2+ 47. Ke1 1-0

[Event "Aruba m"]
[Site "Aruba"]
[Date "1994.??.??"]
[Round "5"]
[White "Polugaevsky, Lev"]
[Black "Piket, Jeroen"]
[Result "0-1"]
[WhiteElo "2595"]
[BlackElo "2605"]
[PlyCount "63"]
[EventDate "1994.02.??"]
[Source "ChessBase"]

1. Nf3 c5 2. c4 Nc6 3. d4 cxd4 4. Nxd4 g6 5. e4 Bg7 6. Be3 Nf6 7. Nc3 Ng4 8. Qxg4 Nxd4 9. Qd1 e5 10. Bd3 O-O 11. O-O d6 12. Qd2 Be6 13. Rad1 a6 14. b3 Rc8 15. Ne2 Nc6 16. Bb1 b5 17. cxb5 axb5 18. Nc3 Qa5 19. Nd5 b4 20. Bg5 f6 21. Be3 f5 22. exf5 gxf5 23. Ne7+ Nxe7 24. Qxd6 Kf7 25. Bg5 Ng6 26. g4 e4 27. h4 Be5 28. Qd2 h6 29. gxf5 Bxf5 30. h5 hxg5 31. hxg6+ Kxg6 32. Qe2 0-1

[Event "Yerevan"]
[Site "Yerevan"]
[Date "1996.??.??"]
[Round "11"]
[White "Gulko, Boris F"]
[Black "Minasian, Artashes"]
[Result "1/2-1/2"]
[WhiteElo "2615"]
[BlackElo "2580"]
[PlyCount "63"]
[EventDate "1996.04.??"]
[Source "ChessBase"]

1. Nf3 g6 2. c4 Bg7 3. d4 c5 4. e4 cxd4 5. Nxd4 Nf6 6. Nc3 Nc6 7. Be3 Ng4 8. Qxg4 Nxd4 9. Qd1 Ne6 10. Rc1 d6 11. Be2 O-O 12. O-O b6 13. Qd2 Bb7 14. f3 Qd7 15. b4 Bc6 16. Rfe1 Qb7 17. Nd5 Rfe8 18. a3 Rac8 19. Bf1 Nc7 20. Bd4 e5 21. Nxc7 Rxc7 22. Be3 Bf8 23. b5 Bd7 24. a4 Be6 25. a5 bxa5 26. Qxa5 f5 27. exf5 gxf5 28. Qa4 Rec8 29. Bf2 Rg7 30. Kh1 Qf7 31. c5 e4 32. fxe4 1/2-1/2

[Event "Kislovodsk"]
[Site "Kislovodsk"]
[Date "1972.??.??"]
[Round "?"]
[White "Polugaevsky, Lev A"]
[Black "Suetin, Alexei S"]
[Result "1-0"]
[WhiteElo "2645"]
[BlackElo "2550"]
[PlyCount "159"]
[EventDate "1972.??.??"]
[Source "www.chesslib.no"]
[SourceDate "2004.05.04"]

1. c4 g6 2. e4 Bg7 3. d4 c5 4. Nf3 cxd4 5. Nxd4 Nc6 6. Be3 Nf6 7. Nc3 Ng4 8. Qxg4 Nxd4 9. Qd1 Nc6 10. Qd2 Qa5 11. Rc1 d6 12. Be2 O-O 13. O-O Be6 14. b3 Rac8 15. f4 f5 16. exf5 Bxf5 17. Bf3 Kh8 18. Rfd1 Rfe8 19. Nb5 Qxd2 20. Rxd2 a6 21. Nc3 h5 22. Na4 Rb8 23. c5 Nb4 24. Rcd1 Bc2 25. Rc1 Bf5 26. a3 Nd3 27. Rcd1 Nxc5 28. Nxc5 dxc5 29. Bxc5 b6 30. Bf2 Rec8 31. Re2 Rc7 32. Bd4 Bc2 33. Bxg7+ Kxg7 34. Rc1 Rbc8 35. Bd5 Kf8 36. b4 Bf5 37. Rce1 Rd8 38. Be6 Bd3 39. Re3 Rd6 40. Rd1 Rcc6 41. Rde1 Bc2 42. Re5 Rd1 43. Rxd1 Bxd1 44. Bd5 Rf6 45. Be4 Bg4 46. Bd3 Bc8 47. Rd5 Ke8 48. g3 Bb7 49. Rg5 Kf7 50. Kf2 h4 51. a4 hxg3+ 52. hxg3 Rd6 53. Ke3 Re6+ 54. Kd2 Rd6 55. Kc3 Rc6+ 56. Kb2 Rd6 57. Bc2 Bf3 58. a5 Be2 59. Kc3 Bf1 60. f5 Rc6+ 61. Kd2 bxa5 62. fxg6+ Kg7 63. bxa5 Bc4 64. Be4 Rc7 65. Ke3 Bg8 66. Kf4 Bb3 67. Re5 Kf6 68. Rf5+ Kg7 69. Kg5 Bc4 70. Re5 Bb5 71. Re6 Rc5+ 72. Kf4 Rc7 73. Kg5 Rc5+ 74. Bf5 Rc7 75. Re1 Be8 76. g4 Ba4 77. Rh1 Bb3 78. Rh7+ Kg8 79. Kh6 Ba2 80. Rh8+ 1-0

[Event "Politiken Cup"]
[Site "Helsingor DAN"]
[Date "2008.07.26"]
[Round "9"]
[White "Roiz, M."]
[Black "Cmilyte, V."]
[Result "1-0"]
[WhiteElo "2680"]
[BlackElo "2508"]
[PlyCount "121"]
[EventDate "2008.07.19"]
[Source "www.chesslib.no"]
[SourceDate "2004.05.04"]

1. c4 g6 2. e4 c5 3. Nf3 Bg7 4. d4 cxd4 5. Nxd4 Nc6 6. Be3 Nf6 7. Nc3 Ng4 8. Qxg4 Nxd4 9. Qd1 Nc6 10. Qd2 d6 11. Be2 O-O 12. O-O Be6 13. Rac1 Qa5 14. b3 a6 15. f4 f5 16. Bf3 Kh8 17. exf5 gxf5 18. Rfe1 Bf7 19. Kh1 e5 20. Bxc6 bxc6 21. Qxd6 Rfe8 22. fxe5 Rad8 23. Qc5 Qxc5 24. Bxc5 Bxe5 25. Bb4 f4 26. Ne4 Bh5 27. Ng5 Rd3 28. Rf1 Bf6 29. Nh3 f3 30. g4 Bxg4 31. Nf2 Bf5 32. Nxd3 Bxd3 33. Rxf3 Be4 34. Rcf1 Rg8 35. Bd6 Bd4 36. h3 Rg6 37. c5 Rf6 38. Kg2 Bd5 39. Kg3 Rg6+ 40. Kf4 Rf6+ 41. Kg4 Rg6+ 42. Kh5 Bxf3+ 43. Rxf3 Kg7 44. Rf5 Bf6 45. Bf4 Bd4 46. b4 Bc3 47. Be5+ Bxe5 48. Rxe5 Kf6 49. Re3 a5 50. a3 axb4 51. axb4 Kf5 52. Re7 Rg3 53. h4 Rb3 54. Rb7 Kf4 55. Kh6 Kg4 56. Kxh7 Kxh4 57. Kg6 Rf3 58. Rf7 Rg3+ 59. Kf6 Rg8 60. Rh7+ Kg4 61. Rg7+ 1-0

[Event "Krynica (zt) 73/201"]
[Site "?"]
[Date "1998.??.??"]
[Round "?"]
[White "Almasi, Zoltan"]
[Black "Chatalbashev, Boris"]
[Result "1-0"]
[WhiteElo "2650"]
[BlackElo "2535"]
[PlyCount "89"]
[EventDate "1998.??.??"]
[Source "ChessBase"]
[SourceDate "1998.06.01"]

1. e4 c5 2. Nf3 Nc6 3. d4 cxd4 4. Nxd4 g6 5. c4 Bg7 6. Be3 Nf6 7. Nc3 Ng4 8. Qxg4 Nxd4 9. Qd1 e5 10. Bd3 O-O 11. O-O d6 12. Nb5 Nxb5 13. cxb5 d5 14. exd5 Qxd5 15. f3 Be6 16. Qe2 Qd7 17. Rfd1 Qe7 18. a4 Rfd8 19. a5 Qb4 20. Rdc1 Rd7 21. Bc5 Qh4 22. Bc4 Bxc4 23. Rxc4 Qd8 24. Be3 a6 25. b6 h5 26. Rac1 Rd3 27. Bg5 Qd7 28. h3 Rb8 29. Kh1 Rd5 30. Rc5 Rxc5 31. Rxc5 Rc8 32. Qd2 Qf5 33. Rc7 Re8 34. Be3 e4 35. f4 Bf6 36. Rxb7 Rd8 37. Qe2 Qxa5 38. Kh2 Qd5 39. Rc7 Kg7 40. b7 Rb8 41. Qxa6 Bd4 42. Bxd4+ Qxd4 43. Qe6 Qf6 44. Qxe4 Qxb2 45. Qd5 1-0

[Event "60th ch-RUS Higher League"]
[Site "Krasnoyarsk RUS"]
[Date "2007.09.09"]
[Round "6"]
[White "Landa, K."]
[Black "Nechepurenko, R."]
[Result "1-0"]
[WhiteElo "2669"]
[BlackElo "2510"]
[PlyCount "53"]
[EventDate "2007.09.03"]
[Source "www.chesslib.no"]
[SourceDate "2004.05.04"]

1. Nf3 c5 2. c4 g6 3. d4 cxd4 4. Nxd4 Bg7 5. e4 Nc6 6. Be3 Nf6 7. Nc3 Ng4 8. Qxg4 Nxd4 9. Qd1 Nc6 10. Qd2 O-O 11. Be2 Qa5 12. Rc1 d6 13. O-O Be6 14. b3 Rfc8 15. f4 a6 16. Kh1 Rab8 17. h3 Rd8 18. Rfd1 Nb4 19. Na4 b5 20. Bb6 Rxb6 21. Nxb6 Rb8 22. f5 Qxa2 23. Qxb4 Qxe2 24. fxe6 Rxb6 25. c5 Rc6 26. cxd6 Rc2 27. Rg1 1-0

[Event "5th IECC"]
[Site "Antalya"]
[Date "2004.05.29"]
[Round "13"]
[White "Smeets, Jan"]
[Black "Jobava, Baadur"]
[Result "1/2-1/2"]
[WhiteElo "2531"]
[BlackElo "2616"]
[PlyCount "103"]
[EventDate "2004.05.15"]
[Source "Roberto Alvarez"]
[SourceDate "2004.05.31"]

1. e4 c5 2. Nf3 g6 3. d4 cxd4 4. Nxd4 Bg7 5. c4 Nc6 6. Be3 Nf6 7. Nc3 Ng4 8. Qxg4 Nxd4 9. Qd1 Ne6 10. Qd2 Qa5 11. Rc1 b6 12. Be2 Bb7 13. f3 d6 14. b3 g5 15. Nd5 Qxd2+ 16. Kxd2 Kd7 17. h4 h6 18. g3 Rag8 19. Rh3 Be5 20. Rch1 gxh4 21. f4 Bb2 22. g4 Nc5 23. Bxc5 bxc5 24. Rxh4 Bg7 25. Bf3 e6 26. Ne3 a5 27. Rh5 Ke7 28. Ke2 Bc8 29. g5 hxg5 30. Rxg5 Bd4 31. Rxg8 Rxg8 32. Ng4 Bb7 33. Rh4 a4 34. f5 axb3 35. axb3 Ra8 36. f6+ Bxf6 37. Nxf6 Kxf6 38. e5+ Kxe5 39. Bxb7 Rb8 40. Bc6 Rxb3 41. Rh7 Rc3 42. Bb5 f6 43. Re7 f5 44. Bd7 Rxc4 45. Rxe6+ Kd5 46. Rf6 Re4+ 47. Kf3 c4 48. Rxf5+ Kd4 49. Rf4 Rxf4+ 50. Kxf4 d5 51. Be6 c3 52. Bf5 1/2-1/2

[Event "Elgoibar"]
[Site "Elgoibar"]
[Date "1999.??.??"]
[Round "9"]
[White "Korneev, Oleg"]
[Black "Georgiev, Vladimir"]
[Result "1/2-1/2"]
[WhiteElo "2615"]
[BlackElo "2519"]
[PlyCount "36"]
[EventDate "1999.11.??"]
[Source "ChessBase"]
[SourceDate "2000.04.05"]

1. e4 c5 2. Nf3 Nc6 3. d4 cxd4 4. Nxd4 g6 5. c4 Bg7 6. Be3 Nf6 7. Nc3 Ng4 8. Qxg4 Nxd4 9. Qd1 e5 10. Bd3 O-O 11. O-O d6 12. Qd2 Be6 13. Rac1 a6 14. b3 Rb8 15. Ne2 b5 16. Nxd4 exd4 17. Bh6 Bxh6 18. Qxh6 Qa5 1/2-1/2

[Event "Lewkowitz Memorial B"]
[Site "Lewkowitz Memorial B"]
[Date "1994.??.??"]
[Round "?"]
[White "Morgado, Juan Sebastian"]
[Black "Enricci, Juan Andres"]
[Result "1/2-1/2"]
[WhiteElo "2615"]
[BlackElo "2505"]
[PlyCount "56"]
[EventDate "1994.??.??"]
[Source "www.chesslib.no"]
[SourceDate "2004.05.04"]

1. e4 c5 2. Nf3 Nc6 3. d4 cxd4 4. Nxd4 g6 5. c4 Bg7 6. Be3 Nf6 7. Nc3 Ng4 8. Qxg4 Nxd4 9. Qd1 Ne6 10. Qd2 Qa5 11. Rc1 b6 12. Qd5 Qxd5 13. cxd5 Nc5 14. f3 Ba6 15. Bxa6 Nxa6 16. b3 Bxc3+ 17. Rxc3 d6 18. Ke2 Kd7 19. a3 Rhc8 20. Rhc1 Rxc3 21. Rxc3 Rc8 22. Rxc8 Kxc8 23. b4 e6 24. dxe6 fxe6 25. Kd3 Kd7 26. Kc4 Nc7 27. a4 e5 28. f4 Ke6 1/2-1/2

[Event "DSV-Turnier"]
[Site "Halle"]
[Date "1974.??.??"]
[Round "?"]
[White "Tal, Mihail"]
[Black "Paehtz, Thomas Sr"]
[Result "1-0"]
[WhiteElo "2635"]
[BlackElo "2480"]
[PlyCount "43"]
[EventDate "1974.??.??"]
[Source "ChessBase"]

1. e4 c5 2. Nf3 Nc6 3. d4 cxd4 4. Nxd4 g6 5. c4 Bg7 6. Be3 Nf6 7. Nc3 Ng4 8. Qxg4 Nxd4 9. Qd1 e5 10. Nb5 O-O 11. Qd2 Qe7 12. Be2 b6 13. Nxd4 exd4 14. Bxd4 Qxe4 15. Bxg7 Qxg2 16. Qd4 Qxh1+ 17. Kd2 Qxh2 18. Bxf8 Kxf8 19. Bf3 d5 20. Bxd5 Rb8 21. Re1 Be6 22. Rxe6 1-0

[Event "57th ch-RUS Qualifier"]
[Site "St Petersburg"]
[Date "2004.05.30"]
[Round "9"]
[White "Popov, Valerij"]
[Black "Tseshkovsky, Vitaly"]
[Result "1/2-1/2"]
[WhiteElo "2547"]
[BlackElo "2564"]
[PlyCount "41"]
[EventDate "2004.05.01"]
[Source "Roberto Alvarez"]
[SourceDate "2004.05.31"]

1. Nf3 c5 2. c4 Nc6 3. d4 cxd4 4. Nxd4 g6 5. e4 Bg7 6. Be3 Nf6 7. Nc3 Ng4 8. Qxg4 Nxd4 9. Qd1 Ne6 10. Rc1 d6 11. Be2 Bd7 12. Qd2 O-O 13. Nd5 Nc5 14. f3 g5 15. b3 Bc6 16. Bxg5 Re8 17. h4 f6 18. Be3 e6 19. Nc3 f5 20. exf5 exf5 21. h5 1/2-1/2

[Event "Saint John op-2"]
[Site "Saint John"]
[Date "1988.??.??"]
[Round "?"]
[White "Vaganian, Rafael A"]
[Black "Frias, Victor J"]
[Result "0-1"]
[WhiteElo "2625"]
[BlackElo "2485"]
[PlyCount "70"]
[EventDate "1988.01.??"]
[Source "ChessBase"]

1. c4 c5 2. Nf3 g6 3. d4 cxd4 4. Nxd4 Bg7 5. e4 Nc6 6. Be3 Nf6 7. Nc3 Ng4 8. Qxg4 Nxd4 9. Qd1 Ne6 10. Be2 Qa5 11. O-O Bxc3 12. bxc3 Qxc3 13. c5 Qe5 14. Qa4 O-O 15. Rac1 Nf4 16. Bf3 d6 17. Rfd1 h5 18. cxd6 exd6 19. Bd4 Qg5 20. Bb2 Bg4 21. Qd4 f6 22. Qe3 Nh3+ 23. Kf1 Qxe3 24. fxe3 Ng5 25. Kf2 Rad8 26. Kg3 Rd7 27. Rd2 f5 28. exf5 Bxf3 29. gxf3 Rxf5 30. h4 Rxf3+ 31. Kg2 Ne4 32. Kxf3 Nxd2+ 33. Kf4 Rf7+ 34. Kg3 Ne4+ 35. Kh3 Rf3+ 0-1

[Event "Hastings 9091"]
[Site "Hastings"]
[Date "1990.??.??"]
[Round "?"]
[White "Chandler, Murray G"]
[Black "Larsen, Bent"]
[Result "1-0"]
[WhiteElo "2560"]
[BlackElo "2545"]
[PlyCount "53"]
[EventDate "1990.12.??"]
[Source "ChessBase"]

1. e4 c5 2. Nf3 Nc6 3. d4 cxd4 4. Nxd4 g6 5. c4 Bg7 6. Be3 Nf6 7. Nc3 Ng4 8. Qxg4 Nxd4 9. Qd1 Ne6 10. Rc1 Qa5 11. Be2 b6 12. O-O Bb7 13. f3 h5 14. Rf2 g5 15. Bf1 Bxc3 16. Rxc3 g4 17. f4 Bxe4 18. f5 g3 19. hxg3 Nc5 20. Ra3 Qb4 21. Qd4 Rg8 22. Bd2 Qxa3 23. bxa3 O-O-O 24. Bb4 Bc6 25. Bxc5 bxc5 26. Qxc5 Kb7 27. Qxe7 1-0

[Event "Ankara zt"]
[Site "Ankara"]
[Date "1995.??.??"]
[Round "6"]
[White "Kotronias, Vasilios"]
[Black "Anastasian, Ashot"]
[Result "1-0"]
[WhiteElo "2570"]
[BlackElo "2530"]
[PlyCount "64"]
[EventDate "1995.??.??"]
[Source "ChessBase"]

1. e4 c5 2. Nf3 Nc6 3. d4 cxd4 4. Nxd4 g6 5. c4 Bg7 6. Be3 Nf6 7. Nc3 Ng4 8. Qxg4 Bxd4 9. Bxd4 Nxd4 10. O-O-O e5 11. f4 d6 12. Qg3 f6 13. f5 Kf7 14. Nb5 Nxb5 15. cxb5 d5 16. Rxd5 Qc7+ 17. Kb1 gxf5 18. Be2 Be6 19. Bh5+ Kf8 20. Qa3+ Qe7 21. Rd6 Kg7 22. Rhd1 Rhe8 23. Bxe8 Rxe8 24. Qxa7 fxe4 25. Qe3 Qf7 26. b3 f5 27. Qg3+ Kf6 28. R1d5 f4 29. Qh4+ Kg7 30. Qg5+ Qg6 31. Qxe5+ Kg8 32. Rd8 e3+ 1-0

[Event "Lugano Open"]
[Site "Lugano SUI"]
[Date "1983.??.??"]
[Round "8"]
[White "Hort, Vlastimil"]
[Black "Short, Nigel D"]
[Result "1/2-1/2"]
[WhiteElo "2585"]
[BlackElo "2510"]
[PlyCount "82"]
[EventDate "1983.03.??"]
[Source "www.chesslib.no"]
[SourceDate "2004.05.04"]

1. c4 c5 2. Nf3 g6 3. d4 cxd4 4. Nxd4 Bg7 5. e4 Nc6 6. Be3 Nf6 7. Nc3 Ng4 8. Qxg4 Nxd4 9. Qd1 Ne6 10. Qd2 d6 11. Be2 Bd7 12. Nd5 b6 13. Rd1 Rb8 14. b3 O-O 15. O-O Re8 16. Bh6 Bxh6 17. Qxh6 Nc5 18. Bf3 a5 19. Rfe1 f6 20. Nf4 e5 21. Nxg6 hxg6 22. Qxg6+ Kf8 23. Bh5 Qe7 24. Qh6+ Qg7 25. Qxg7+ Kxg7 26. Bxe8 Bxe8 27. Rxd6 Kf7 28. f3 Ke7 29. Rd2 Ne6 30. Kf2 Rc8 31. Rb1 Nd4 32. Ke3 b5 33. Rc1 a4 34. Rxd4 exd4+ 35. Kxd4 Bf7 36. Rc2 Kd6 37. g4 bxc4 38. bxc4 Kc6 39. Rb2 Rd8+ 40. Kc3 Rd1 41. Rb8 Rc1+ 1/2-1/2

[Event "Russian Winter Open"]
[Site "Moscow RUS"]
[Date "1991.??.??"]
[Round "?"]
[White "Dvoirys, Semen I"]
[Black "Kuzmin, Gennadi P"]
[Result "1/2-1/2"]
[WhiteElo "2560"]
[BlackElo "2535"]
[PlyCount "38"]
[EventDate "1991.??.??"]
[Source "www.chesslib.no"]
[SourceDate "2004.05.04"]

1. e4 c5 2. Nf3 Nc6 3. d4 cxd4 4. Nxd4 g6 5. c4 Bg7 6. Be3 Nf6 7. Nc3 Ng4 8. Qxg4 Nxd4 9. Qd1 e5 10. Bd3 O-O 11. O-O d6 12. Kh1 Be6 13. f4 exf4 14. Bxf4 Rc8 15. Nd5 Nc6 16. Qd2 Bxd5 17. cxd5 Ne5 18. Rac1 Qd7 19. b3 a6 1/2-1/2

[Event "Alta Grand Prix"]
[Site "?"]
[Date "2004.06.18"]
[Round "2"]
[White "Kengis Edvins (LAT)"]
[Black "Djurhuus Rune"]
[Result "0-1"]
[WhiteElo "2562"]
[BlackElo "2531"]
[PlyCount "88"]
[EventDate "2004.??.??"]
[Source "www.chesslib.no"]
[SourceDate "2004.05.04"]

1. Nf3 c5 2. c4 g6 3. d4 Bg7 4. e4 cxd4 5. Nxd4 Nc6 6. Be3 Nf6 7. Nc3 Ng4 8. Qxg4 Nxd4 9. Qd1 Ne6 10. Rc1 Qa5 11. Bd3 g5 12. O-O h5 13. c5 Be5 14. Bc4 Qc7 15. g3 Qb8 16. Bxe6 dxe6 17. Bxg5 Bd7 18. Be3 Bc6 19. Bd4 h4 20. f4 Bxd4+ 21. Qxd4 Rg8 22. Kf2 hxg3+ 23. hxg3 Qc7 24. Rfd1 a5 25. a4 Rd8 26. Nb5 Qd7 27. Qc3 Qxd1 28. Rxd1 Rxd1 29. Qxa5 f6 30. Qc3 Bxe4 31. Qb3 Rd2+ 32. Ke1 Bd5 33. Nc7+ Kf7 34. Nxd5 Rxd5 35. Qc3 Rh8 36. b4 Rh2 37. g4 Rd8 38. f5 exf5 39. gxf5 Rg8 40. Qc4+ Kf8 41. Qd4 Rgg2 42. Qd8+ Kf7 43. Qd5+ Kg7 44. Kf1 Rd2 0-1

[Event "URS-chT"]
[Site "Moscow"]
[Date "1972.??.??"]
[Round "?"]
[White "Stein, Leonid"]
[Black "Grigorian, Karen Ashotovich"]
[Result "1/2-1/2"]
[WhiteElo "2620"]
[BlackElo "2470"]
[PlyCount "100"]
[EventDate "1972.??.??"]
[Source "ChessBase"]

1. c4 c5 2. Nf3 Nc6 3. d4 cxd4 4. Nxd4 g6 5. e4 Bg7 6. Be3 Nf6 7. Nc3 Ng4 8. Qxg4 Nxd4 9. Qd1 Ne6 10. Be2 O-O 11. O-O d6 12. f4 Bd7 13. f5 Nc5 14. Bd4 a5 15. Nd5 Bxd4+ 16. Qxd4 f6 17. fxg6 hxg6 18. e5 fxe5 19. Qh4 Bf5 20. Nxe7+ Kg7 21. g4 Bd3 22. Bxd3 Nxd3 23. Qg5 Nf4 24. Rxf4 Qb6+ 25. Kh1 Rxf4 26. Qxg6+ Kf8 27. Nd5 Qc6 28. Kg2 Rxc4 29. Rf1+ Rf4 30. Rxf4+ exf4 31. Qf5+ Kg7 32. Qg5+ Kh7 33. Kh3 Rf8 34. Nf6+ Rxf6 35. Qxf6 Qf3+ 36. Kh4 Qf2+ 37. Kh5 Qxh2+ 38. Kg5 f3 39. Qf7+ Kh8 40. Qf8+ Kh7 41. Qe7+ Kg8 42. Qd8+ Kf7 43. Qc7+ Kf8 44. Qc8+ Ke7 45. Qxb7+ Ke6 46. Qb3+ Kd7 47. Qxf3 Qxb2 48. Qf5+ Ke7 49. Qxa5 Qf6+ 50. Kh5 Qh8+ 1/2-1/2

[Event "Lewkowitz Memorial A"]
[Site "Lewkowitz Memorial A"]
[Date "1994.??.??"]
[Round "?"]
[White "Ebeling, Mika"]
[Black "Metz, Werner Richard"]
[Result "0-1"]
[WhiteElo "2465"]
[BlackElo "2620"]
[PlyCount "90"]
[EventDate "1994.??.??"]
[Source "www.chesslib.no"]
[SourceDate "2004.05.04"]

1. e4 c5 2. Nf3 Nc6 3. d4 cxd4 4. Nxd4 g6 5. c4 Bg7 6. Be3 Nf6 7. Nc3 Ng4 8. Qxg4 Nxd4 9. Qd1 Ne6 10. Rc1 Qa5 11. Bd3 b6 12. O-O Bb7 13. f4 Rc8 14. Rf2 O-O 15. Nd5 Bxd5 16. exd5 Nc5 17. Bb1 b5 18. cxb5 Na4 19. b3 Nc3 20. Qe1 Qxb5 21. Rfc2 Qxd5 22. Bd2 Bd4+ 23. Be3 e5 24. fxe5 Qxe5 25. Bxd4 Qxd4+ 26. Kh1 Rfe8 27. Qd2 Qxd2 28. Rxd2 Nxa2 29. Rxc8 Rxc8 30. Bc2 Nb4 31. Bd1 d5 32. h4 f5 33. Bf3 Rc5 34. Re2 Kf7 35. Re5 Kf6 36. Re8 Rc3 37. Ra8 a6 38. Ra7 d4 39. Rxh7 d3 40. Rd7 Ke6 41. Rd8 Ke7 42. Rd4 Rxb3 43. h5 gxh5 44. Bxh5 a5 45. Kh2 Rb1 0-1

[Event "Prague Chip"]
[Site "Prague"]
[Date "1992.??.??"]
[Round "13"]
[White "Van der Sterren, Paul"]
[Black "Rogers, Ian"]
[Result "1/2-1/2"]
[WhiteElo "2535"]
[BlackElo "2550"]
[PlyCount "28"]
[EventDate "1992.01.??"]
[Source "ChessBase"]

1. Nf3 c5 2. c4 g6 3. e4 Bg7 4. d4 cxd4 5. Nxd4 Nc6 6. Be3 Nf6 7. Nc3 Ng4 8. Qxg4 Nxd4 9. Qd1 Ne6 10. Rc1 Qa5 11. Qd2 b6 12. Qd5 Rb8 13. Qxa5 bxa5 14. b3 Bd4 1/2-1/2

[Event "Moscow ol (Men)"]
[Site "Moscow"]
[Date "1994.??.??"]
[Round "6"]
[White "Ftacnik, Lubomir"]
[Black "Sermek, Drazen"]
[Result "1/2-1/2"]
[WhiteElo "2570"]
[BlackElo "2515"]
[PlyCount "58"]
[EventDate "1994.11.??"]
[Source "ChessBase"]

1. c4 c5 2. Nf3 g6 3. d4 cxd4 4. Nxd4 Bg7 5. e4 Nc6 6. Be3 Nf6 7. Nc3 Ng4 8. Qxg4 Nxd4 9. Qd1 e5 10. Bd3 O-O 11. Qd2 d6 12. O-O Be6 13. Rad1 Rc8 14. b3 a6 15. Bb1 b5 16. Bxd4 exd4 17. Ne2 bxc4 18. Nxd4 Bxd4 19. Qxd4 cxb3 20. axb3 Bxb3 21. Rd2 a5 22. Ba2 a4 23. Bxb3 axb3 24. Rb2 Rb8 25. Rfb1 Qa5 26. Qd3 Rfd8 27. f3 Qc5+ 28. Kf1 d5 29. exd5 Qxd5 1/2-1/2

[Event "Las Palmas"]
[Site "Las Palmas ESP"]
[Date "1976.??.??"]
[Round "14"]
[White "Geller, Efim P"]
[Black "Hernandez, Roman O"]
[Result "0-1"]
[WhiteElo "2620"]
[BlackElo "2460"]
[PlyCount "68"]
[EventDate "1976.04.??"]
[Source "www.chesslib.no"]
[SourceDate "2004.05.04"]

1. e4 c5 2. Nf3 Nc6 3. d4 cxd4 4. Nxd4 g6 5. c4 Bg7 6. Be3 Nf6 7. Nc3 Ng4 8. Qxg4 Nxd4 9. Qd1 Ne6 10. Qd2 O-O 11. Be2 d6 12. O-O b6 13. Rfe1 Bb7 14. Bf1 a5 15. Rad1 Rc8 16. Bh6 Bxh6 17. Qxh6 f6 18. f4 Rf7 19. e5 Ng7 20. Qh3 fxe5 21. fxe5 Qc7 22. exd6 exd6 23. Nb5 Qc5+ 24. Qe3 Qc6 25. Qd2 Qc5+ 26. Qe3 Qc6 27. Rd5 Re8 28. Qd2 Rxe1 29. Qxe1 Nf5 30. Qd2 Rf6 31. b3 Qc8 32. Qg5 Bxd5 33. Qxf6 Qc5+ 34. Nd4 Bf7 0-1

[Event "Moscow Aeroflot op"]
[Site "Moscow"]
[Date "2002.02.05"]
[Round "2"]
[White "Shchekachev, Andrei"]
[Black "Vokarev, Sergey"]
[Result "1-0"]
[WhiteElo "2573"]
[BlackElo "2507"]
[PlyCount "75"]
[EventDate "2002.02.04"]
[Source "ChessBase"]
[SourceDate "2002.03.21"]

1. Nf3 Nf6 2. c4 g6 3. Nc3 Bg7 4. e4 c5 5. d4 cxd4 6. Nxd4 Nc6 7. Be3 Ng4 8. Qxg4 Nxd4 9. Qd1 Ne6 10. Rc1 Qa5 11. Be2 b6 12. O-O Bb7 13. f3 g5 14. Rf2 Be5 15. a3 Bc6 16. Bf1 Qa6 17. c5 Qb7 18. cxb6 axb6 19. Nd5 b5 20. g3 Rg8 21. Bg2 Bb8 22. Rd2 h5 23. Bh3 h4 24. Bf2 hxg3 25. hxg3 Ba7 26. Bxa7 Qxa7+ 27. Kg2 Qb7 28. Bxe6 fxe6 29. Nb4 Rh8 30. Nxc6 dxc6 31. Qc2 Kf7 32. Qc5 Rag8 33. Rcd1 Qc8 34. Rd7 Qf8 35. Rc7 Rh7 36. Rdd7 Kf6 37. Rxc6 Rg6 38. Rc8 1-0

[Event "Linares Anibal op 8th"]
[Site "Linares"]
[Date "2001.01.13"]
[Round "6"]
[White "Zvjaginsev, Vadim"]
[Black "Reinaldo Castineira, Roi"]
[Result "1-0"]
[WhiteElo "2631"]
[BlackElo "2442"]
[PlyCount "49"]
[EventDate "2001.01.08"]
[Source "ChessBase"]
[SourceDate "2001.03.20"]

1. c4 Nf6 2. Nc3 c5 3. Nf3 g6 4. e4 Nc6 5. d4 cxd4 6. Nxd4 Bg7 7. Be3 Ng4 8. Qxg4 Nxd4 9. Qd1 Ne6 10. Qd2 Qa5 11. Rc1 g5 12. Bd3 d6 13. b3 Qe5 14. Nd5 h5 15. O-O b6 16. a4 h4 17. a5 bxa5 18. Ra1 h3 19. g3 Kf8 20. Rxa5 Nd4 21. f4 gxf4 22. Nxf4 Qf6 23. e5 dxe5 24. Rxe5 Qxe5 25. Ng6+ 1-0